[Event "XXXI Nezhmetdinov Mem"]
[Site "Kazan RUS"]
[Date "2009.06.05"]
[Round "6"]
[White "Ivanov,NikolayA"]
[Black "Sanzhaev,D"]
[Result "0-1"]
[WhiteElo "1984"]
[BlackElo "2120"]

1.c4 e5 2.g3 Nf6 3.Bg2 d5 4.cxd5 Nxd5 5.Nc3 Nb6 6.Nf3 Nc6 7.a3 Be7 8.d3 O-O
9.b4 Be6 10.Bb2 a5 11.b5 Nd4 12.Nxd4 exd4 13.Ne4 a4 14.Rc1 Bd5 15.O-O Ra5
16.Bxd4 Bb3 17.Qd2 Rxb5 18.Bb2 Nd5 19.Nc3 Nxc3 20.Qxc3 Bf6 21.Qd2 c6 22.Rfe1 Be6
23.Bxf6 Qxf6 24.Rb1 Bb3 25.Bf1 Rd8 26.e3 Rbd5 27.Qb2 Qxb2 28.Rxb2 c5 29.Rc1 b6
30.Be2 g6 31.Kg2 Kg7 32.Rc3 Kf6 33.Kf1 Kg7 34.Kg2 b5 35.d4 b4 36.axb4 cxb4
37.Bc4 bxc3  0-1

[Event "XXXI Nezhmetdinov Mem"]
[Site "Kazan RUS"]
[Date "2009.06.05"]
[Round "6"]
[White "Ioffe,D"]
[Black "Rodchenkov,V"]
[Result "1/2-1/2"]
[WhiteElo "2149"]
[BlackElo "2412"]

1.g3 e5 2.c4 Nf6 3.Bg2 Nc6 4.Nc3 Bc5 5.Nf3 d6 6.O-O O-O 7.d3 h6 8.a3 a5 9.Bd2 Bf5
10.Nh4 Be6 11.Nd5 Bxd5 12.cxd5 Ne7 13.e4 c6 14.dxc6 bxc6 15.Bc3 Qb6 16.Qd2 a4
17.h3 Rab8 18.Rab1 Bd4 19.Kh2 Bxc3 20.Qxc3 c5 21.f4 exf4 22.gxf4 Qa6 23.Rf3 Rb3
24.Qd2 Rfb8 25.e5 Ne8 26.d4 cxd4 27.Qxd4 dxe5 28.Qxe5 Qf6 29.Qxf6 Nxf6 30.Rxb3 Rxb3
31.Bf3 g5 32.fxg5 hxg5 33.Bd1 Rd3 34.Nf3  1/2-1/2

[Event "59th ch-RUS w HL"]
[Site "Voronezh RUS"]
[Date "2009.06.07"]
[Round "7"]
[White "Malgina,T"]
[Black "Shadrina,T"]
[Result "1-0"]
[WhiteElo "2337"]
[BlackElo "2431"]

1.c4 e5 2.g3 Nf6 3.Bg2 d5 4.cxd5 Nxd5 5.Nc3 Nb6 6.Nf3 Nc6 7.a3 Be7 8.O-O O-O
9.b4 a6 10.d3 Re8 11.Bb2 Bf8 12.Rc1 Nd4 13.Ne4 a5 14.Nc5 axb4 15.axb4 Ra2
16.Bxd4 exd4 17.Rc2 Rxc2 18.Qxc2 g6 19.Rc1 Bg7 20.Ne4 Re7 21.Nfd2 h6 22.Bf3 c6
23.Nc5 Nd5 24.Qb3 Nc3 25.Nde4 Nb5 26.Na4 Be6 27.Qc2 Bd5 28.Qc5 Re5 29.Qc2 Qe7
30.Qc5 Bf8 31.Qxe7 Bxe7 32.Nec5 Bg5 33.Ra1 Bxf3 34.exf3 Re7 35.f4 Bf6 36.Nb6 Nc3
37.Kf1 Nb5 38.Ra8+ Kg7 39.Rb8 Rc7 40.Rxb7 Rxb7 41.Nxb7 Be7 42.Nc5 Bxc5 43.bxc5 Kf6
44.Nd7+ Ke6 45.Ne5 Na7 46.Ke2 g5 47.Nf3 gxf4 48.Nxd4+ Kd5 49.Nf5 fxg3 50.fxg3 h5
51.Ng7 Kxc5 52.Nxh5 Kd4 53.Nf4 Nb5 54.h4 Ke5 55.h5 Kf5 56.h6 Kf6 57.g4 Nc3+
58.Kd2 Nd5 59.Nxd5+ cxd5 60.Ke3 Kg6 61.g5  1-0

[Event "TCh-BUL"]
[Site "Sunny Beach BUL"]
[Date "2009.06.12"]
[Round "5"]
[White "Kukov,V"]
[Black "Kozhuharov,S"]
[Result "0-1"]
[WhiteElo "2357"]
[BlackElo "2397"]

1.c4 e5 2.g3 Nf6 3.Bg2 d5 4.cxd5 Nxd5 5.Nf3 Nc6 6.O-O Nb6 7.d3 Be7 8.a3 O-O
9.Nbd2 a5 10.b3 f5 11.Bb2 Bf6 12.Qc2 Be6 13.Rac1 Re8 14.Rfd1 Rb8 15.e4 f4
16.gxf4 exf4 17.d4 Nxd4 18.Nxd4 Bxd4 19.Nf3 c5 20.Nxd4 cxd4 21.Bxd4 Qg5 22.Kh1 Nd7
23.Qc3 Nf8 24.Rg1 Rbc8 25.Qb2 Rxc1 26.Qxc1 Ng6 27.Bf3 Qb5 28.Qb2 Qxb3 29.Qxb3 Bxb3
30.e5 Re7 31.Rb1 a4 32.Rc1 Nxe5 33.Bxb7 Nd3 34.Rc8+ Kf7 35.Bf3 Be6 36.Ra8 Ne1
37.Bc6 Nc2 38.Bc5 Rc7 39.Rf8+ Kg6 40.Be4+ Kg5 41.Bd6 Rc4  0-1

[Event "13th FIDE Open"]
[Site "Voronezh RUS"]
[Date "2009.06.13"]
[Round "2"]
[White "Okun,E"]
[Black "Likhoman,M"]
[Result "1-0"]
[WhiteElo "2066"]
[BlackElo "2184"]

1.c4 e5 2.g3 Nc6 3.Bg2 Nf6 4.Nc3 d6 5.d3 Be6 6.Nd5 h6 7.Rb1 Be7 8.e3 Qd7
9.b4 O-O 10.Ne2 Nd8 11.O-O c6 12.Nxe7+ Qxe7 13.f4 e4 14.f5 exd3 15.Qxd3 Bd7
16.e4 a5 17.b5 Ne8 18.a4 cxb5 19.cxb5 Rc8 20.Nf4 Nf6 21.Ba3 Rc5 22.Bxc5 dxc5
23.Nd5 Nxd5 24.Qxd5 b6 25.Rfd1 Bc8 26.Qd6 Qa7 27.e5 Bb7 28.Qc7 Qa8 29.Bxb7 Nxb7
30.e6  1-0

[Event "13th FIDE Open"]
[Site "Voronezh RUS"]
[Date "2009.06.14"]
[Round "3"]
[White "Lopukhin,A"]
[Black "Okun,E"]
[Result "1/2-1/2"]
[WhiteElo "2248"]
[BlackElo "2066"]

1.c4 e5 2.g3 g6 3.Bg2 Bg7 4.Nc3 f5 5.d3 Nc6 6.e3 Nf6 7.Nge2 O-O 8.O-O d6
9.Rb1 Rb8 10.b4 a6 11.a4 Bd7 12.b5 axb5 13.axb5 Ne7 14.b6 c6 15.d4 e4 16.d5 c5
17.f3 exf3 18.Bxf3 Nc8 19.Qb3 Ra8 20.Nf4 Ra6 21.Ne6 Bxe6 22.dxe6 Rxb6 23.Qc2 Rxb1
24.Qxb1 Qe7 25.Qxb7 Qxe6 26.Nd5 Kh8 27.Bb2 Qf7 28.Qxf7 Rxf7 29.Bxf6 Bxf6
30.Rb1 Kg7 31.Rb8 Ne7 32.Nxe7 Rxe7 33.Rb7 Rxb7 34.Bxb7 Bb2 35.e4 Kf6 36.exf5 gxf5
37.Kg2  1/2-1/2

[Event "13th Master Open"]
[Site "Voronezh RUS"]
[Date "2009.06.17"]
[Round "6"]
[White "Neshkov,V"]
[Black "Shabanov,N"]
[Result "1/2-1/2"]
[WhiteElo "2186"]
[BlackElo "1898"]

1.c4 e5 2.g3 d6 3.Bg2 g6 4.Nc3 Nc6 5.Nf3 Bg7 6.Rb1 Be6 7.d3 h6 8.b4 Qd7 9.b5 Nd8
10.h4 Ne7 11.Qb3 O-O 12.a4 c6 13.Ba3 f5 14.Nd2 Rc8 15.bxc6 bxc6 16.O-O g5
17.hxg5 hxg5 18.a5 Bf6 19.a6 Kg7 20.e3 Rh8 21.Qb4 Nf7 22.Qa5 Rc7 23.Nd5 cxd5
24.Bxd5 Bxd5 25.cxd5 Nxd5 26.Qxd5 Qc6 27.Qxc6 Rxc6 28.Rb7 Rxa6 29.Nc4 Kg6
30.Rd7 Rd8 31.Rxd8 Bxd8 32.e4 f4 33.g4 Rc6 34.Rc1 Kf6 35.Bb2 Bb6 36.Kg2 Bd4
37.Ba3 Ke6 38.Rb1 Bb6 39.Kf3 d5 40.exd5+ Kxd5 41.Rb5+ Ke6 42.Ke4 Bc7 43.Rd5 Bd6  1/2-1/2

[Event "Open"]
[Site "Albena BUL"]
[Date "2009.06.22"]
[Round "3"]
[White "Lao,L"]
[Black "Kopasov,A"]
[Result "0-1"]
[WhiteElo "1961"]
[BlackElo "2190"]

1.c4 e5 2.g3 Nf6 3.Bg2 c6 4.Nf3 e4 5.Nd4 d5 6.cxd5 Qxd5 7.Nb3 Qh5 8.h4 Bf5
9.Nc3 Nbd7 10.Nd4 Bc5 11.Nxf5 Qxf5 12.O-O O-O-O 13.Qa4 Nb6 14.Qc2 Rhe8 15.a3 Bd4
16.b4 g5 17.hxg5 Qxg5 18.e3 Bxc3 19.Qxc3 Qh6 20.Bb2 Ng4 21.Rfc1 Qh2+ 22.Kf1 Nc4
23.Rc2 Nce5 24.d4 Nf3  0-1

[Event "Open"]
[Site "Albena BUL"]
[Date "2009.06.24"]
[Round "5"]
[White "Lao,L"]
[Black "Sirkova,D"]
[Result "0-1"]
[WhiteElo "1961"]
[BlackElo "1963"]

1.c4 e5 2.g3 Nc6 3.Bg2 f5 4.e3 Nf6 5.Nc3 d5 6.cxd5 Nb4 7.d3 Nfxd5 8.Nxd5 Nxd5
9.a3 Be6 10.Ne2 Bd6 11.O-O c6 12.f4 Qb6 13.d4 e4 14.Bd2 Qxb2 15.g4 g6 16.Rf2 Qb6
17.gxf5 gxf5 18.Ng3 O-O-O 19.Rb1 Qc7 20.Bf1 Rhg8 21.Qa4 b6 22.Rc1 Bd7 23.Bb5 c5
24.dxc5 Bxc5 25.Kh1 Bxb5 26.Qxb5  0-1

[Event "Open"]
[Site "Albena BUL"]
[Date "2009.06.25"]
[Round "6"]
[White "Komarov,Di"]
[Black "Mitkov,M"]
[Result "1/2-1/2"]
[WhiteElo "2530"]
[BlackElo "2382"]

1.c4 e5 2.g3 Nc6 3.Bg2 f5 4.Nc3 Nf6 5.d3 Bc5 6.e3 O-O 7.Nge2 d6 8.O-O Qe8
9.Na4 Bb6 10.d4 Bd7 11.b3 Kh8 12.Bb2 Rd8 13.Rc1 Ba5 14.Nac3 Qh5 15.Nd5 Ne4
16.a3 Nd2 17.b4 Nxf1 18.Qxf1 Bb6 19.c5 dxc5 20.dxc5 Be6 21.Nec3 f4 22.gxf4 e4
23.Bxe4 Bxd5 24.Nxd5 Rxd5 25.Bxd5 Qxd5 26.Qg2 Qd7 27.cxb6 axb6 28.Kh1 Kg8
29.Rg1 g6 30.Qe4 Rf5 31.Rg5 b5 32.Kg2 Kf7 33.h4 h6 34.Rxf5+ gxf5 35.Qf3 Qe6
36.Qe2 Qd5+ 37.Kh2 Kg6 38.h5+ Kh7 39.Qc2 Qf7 40.Qd1 Ne7 41.Kg2 Qg8+ 42.Kf1 Qc4+
43.Ke1 Nd5 44.Qd4 Qxd4 45.Bxd4 Kg8 46.Ke2 Kf7 47.Kd3 b6 48.Be5 c5 49.bxc5 bxc5
50.Bd6 c4+ 51.Kd4 Nf6 52.Bb4 Nxh5 53.Ke5 Ng7 54.f3 h5 55.Be1 Kg6 56.e4 Kf7
57.exf5 Ne8 58.Kd5 Kf6 59.Kc6 Kxf5 60.Kxb5 Nd6+ 61.Kc5 Kxf4 62.Kxd6 Kxf3
63.Kd5 Ke2 64.Bb4 Kd3 65.Ke5 c3 66.a4 c2 67.Ba3 Kc4 68.Bc1 Kb4 69.Kf4 Kxa4
70.Ke4  1/2-1/2

[Event "ZMD Open"]
[Site "Dresden GER"]
[Date "2009.07.01"]
[Round "8"]
[White "Wimmer,A"]
[Black "Schwarz,Hi"]
[Result "0-1"]
[WhiteElo "2108"]
[BlackElo "1909"]

1.g3 e5 2.c4 f5 3.Bg2 Nf6 4.d3 d6 5.Nc3 c6 6.Nf3 Be7 7.O-O O-O 8.c5 Kh8 9.cxd6 Bxd6
10.Rb1 Qe8 11.Nd2 Be6 12.Nc4 Bc7 13.b3 Nd5 14.Qd2 Qf7 15.Bb2 Nd7 16.Ne3 Nxe3
17.Qxe3 Nf6 18.Bh3 Rfe8  0-1

[Event "ZMD Open"]
[Site "Dresden GER"]
[Date "2009.07.02"]
[Round "9"]
[White "Markowski,T"]
[Black "Zeberski,J"]
[Result "1-0"]
[WhiteElo "2627"]
[BlackElo "2421"]

1.c4 e5 2.g3 Nf6 3.Bg2 d5 4.cxd5 Nxd5 5.Nf3 Nc6 6.O-O Nb6 7.Nc3 Be7 8.d3 O-O
9.Be3 Be6 10.Rc1 f6 11.Ne4 Nd4 12.Bxd4 exd4 13.Qc2 c6 14.Nc5 Bxc5 15.Qxc5 Bxa2
16.Nxd4 Bf7 17.Nf5 Qd7 18.Nd6 Bd5 19.Bxd5+ Nxd5 20.Rfe1 Rad8 21.Ne4 a6 22.Qc4 f5
23.Nc5 Qf7 24.e3 Rd6 25.Qb3 Rh6 26.f4 Kh8 27.Rc2 Qh5 28.Nd7 Re8 29.Ne5 Re7
30.e4 Nf6 31.exf5 Nd5 32.Qxd5 cxd5 33.Rc8+ Re8 34.Ng6+  1-0

[Event "37th Greek Teams"]
[Site "Kallithea GRE"]
[Date "2009.07.06"]
[Round "6"]
[White "Fatourou,E"]
[Black "Krivec,J"]
[Result "0-1"]
[WhiteElo "1895"]
[BlackElo "2325"]

1.c4 e5 2.g3 Nf6 3.Bg2 d5 4.cxd5 Nxd5 5.Nc3 Nb6 6.d3 Nc6 7.Nf3 Be7 8.O-O O-O
9.b3 f5 10.Bb2 Bf6 11.Rc1 Nd4 12.Nxd4 exd4 13.Nb5 c6 14.Na3 Be6 15.Nc4 Bd5
16.Bxd5+ Nxd5 17.Ba3 Be7 18.Bb2 c5 19.e4 dxe3 20.fxe3 Bg5 21.Qf3 b5 22.Rcd1 Nb4
23.Na3 Qe8 24.Rfe1 Rd8 25.d4 Qe4 26.Qxe4 fxe4 27.Re2 a6 28.Bc3 Nd5 29.Ba5 Bxe3+
30.Kh1 Rd6 31.Nc2 Rf2 32.Nxe3 Rxe2 33.dxc5 Rh6 34.Ng4 Rh5 35.c6 Rc2 36.c7 h6
37.Rxd5 Rxd5 38.Ne3 Rc1+ 39.Kg2 Rdc5 40.b4 Rxc7 41.Bxc7 Rxc7  0-1

[Event "IM"]
[Site "Saint-Lo FRA"]
[Date "2009.07.08"]
[Round "1"]
[White "Ornstein,A"]
[Black "Coursaget,N"]
[Result "1-0"]
[WhiteElo "2424"]
[BlackElo "2339"]

1.c4 e5 2.g3 f5 3.d4 exd4 4.Qxd4 Nc6 5.Qd2 Nf6 6.Nc3 Bb4 7.Bg2 Ne4 8.Bxe4 fxe4
9.a3 Bc5 10.Nxe4 Be7 11.Qd5 d6 12.Nf3 Qd7 13.Bg5 Rf8 14.c5 Qf5 15.Qxf5 Bxf5
16.Bxe7 Nxe7 17.cxd6 Bxe4 18.dxe7 Kxe7 19.Rc1 c6 20.Rc3 Kd6 21.O-O Bxf3 22.exf3 a5
23.Rd1+ Kc7 24.Re3 Rf7 25.f4 b5 26.h4 Rd8 27.Rxd8 Kxd8 28.Kf1 Kc7 29.Ke2 Kb6
30.Kd3 Rd7+ 31.Kc3 g6 32.Re5 Rd1 33.h5 Rf1 34.hxg6 hxg6 35.Rg5 Rxf2 36.Rxg6 Rf3+
37.Kd4 Rb3 38.f5 Rxb2 39.g4 Rf2 40.f6 b4 41.axb4 axb4 42.g5 b3 43.Rh6 b2
44.Rh1 c5+ 45.Ke3 Rf5 46.Ke4 Rf2 47.Rb1 Kc6 48.Rxb2 Rxb2 49.f7 Rf2 50.g6 Rf6
51.Ke5 Rxg6 52.f8=Q Rg5+ 53.Ke6 Rg6+ 54.Ke7 Rg1 55.Qf3+ Kb5 56.Qb3+ Kc6 57.Qe3 Rg7+
58.Ke6 Rg6+ 59.Ke5 Rd6 60.Qf3+ Kc7 61.Qa3 Rc6 62.Qa7+ Kc8 63.Kd5 Rc7 64.Qa8+ Kd7
65.Qg8 c4 66.Qe6+ Kd8 67.Kd6  1-0

[Event "12th Festival IM"]
[Site "Bischwiller FRA"]
[Date "2009.07.10"]
[Round "7"]
[White "Heinz,Ti"]
[Black "Riff,V"]
[Result "1/2-1/2"]
[WhiteElo "2279"]
[BlackElo "2314"]

1.c4 e5 2.g3 Nf6 3.Bg2 h6 4.a3 c6 5.d4 exd4 6.Qxd4 d5 7.Nc3 dxc4 8.Qxc4 Be6
9.Qa4 Nbd7 10.Bf4 Qb6 11.Qc2 Ng4 12.Nh3 g5 13.Bd2 Nc5 14.O-O Nb3 15.Rad1 O-O-O
16.Be3 Nxe3 17.fxe3 Qxe3+ 18.Kh1 Be7 19.Nd5 Bxd5 20.Rxd5 Rxd5 21.Bxd5 Nd4
22.Qc4 b5 23.Qc1 Qxc1 24.Rxc1 Kd7 25.Bxf7 Nxe2 26.Rd1+ Kc7 27.Bh5 Bf6 28.Bxe2 Bxb2
29.a4 bxa4 30.Nf2 Re8 31.Bc4 a3 32.Kg2  1/2-1/2

[Event "LTC Open A"]
[Site "Leiden NED"]
[Date "2009.07.11"]
[Round "2"]
[White "Coene,I"]
[Black "Slingerland,F"]
[Result "1-0"]
[WhiteElo "2166"]
[BlackElo "2406"]

1.c4 e5 2.g3 Nf6 3.Bg2 d5 4.cxd5 Nxd5 5.Nf3 Nc6 6.O-O Be7 7.d4 e4 8.Ne5 f5
9.Nxc6 bxc6 10.Nc3 O-O 11.Qa4 Qd6 12.Nxd5 cxd5 13.Bf4 Qd7 14.Qxd7 Bxd7 15.Rfc1 c6
16.e3 Kf7 17.Rc3 g5 18.Be5 Ke6 19.Rac1 Rfc8 20.Bf1 a5 21.Be2 a4 22.g4 Bb4
23.R3c2 Ra7 24.gxf5+ Kxf5 25.h3 Ke6 26.Bb5 cxb5 27.Rxc8 Bxc8 28.Rxc8 Be7
29.Rc6+ Kf7 30.Rh6 Kg8 31.Rb6 b4 32.Bd6 Bxd6 33.Rxd6 Rc7 34.Rxd5 h6 35.Rb5 Rc4
36.Kg2 a3 37.bxa3 bxa3 38.Rb3 Ra4 39.Kg3 Kg7 40.Kg4 Kg6 41.Rb6+ Kg7 42.Kf5 Rc4
43.Rb7+ Kf8 44.d5 Rc2 45.Ke6 Rxa2 46.d6 Rd2 47.d7 a2 48.Ra7 h5 49.Rxa2  1-0

[Event "IM"]
[Site "Saint-Lo FRA"]
[Date "2009.07.11"]
[Round "6"]
[White "Ornstein,A"]
[Black "Jolly,J"]
[Result "0-1"]
[WhiteElo "2424"]
[BlackElo "2366"]

1.c4 e5 2.g3 Nf6 3.Bg2 d5 4.cxd5 Nxd5 5.Nc3 Nb6 6.Nf3 Nc6 7.O-O Be7 8.b3 O-O
9.Bb2 Bg4 10.Rc1 f5 11.d3 Bf6 12.Nd2 Rb8 13.Nb5 a6 14.Rxc6 bxc6 15.Na7 Qd6
16.Nxc6 Rbe8 17.Na5 e4 18.Bxf6 exd3 19.Bxg7 dxe2 20.Qa1 Qxd2 21.Re1 Qxa5
22.Bxf8 Kxf8 23.f3 Bh5 24.Qh8+ Kf7 25.Qxh7+ Kf6 26.Qh6+ Bg6 27.Qh4+ Kf7 28.b4 Qe5
29.Qg5 Qc3  0-1

[Event "LTC Open A"]
[Site "Leiden NED"]
[Date "2009.07.12"]
[Round "3"]
[White "Van Dongen,C1"]
[Black "Savchenko,S"]
[Result "1/2-1/2"]
[WhiteElo "2342"]
[BlackElo "2526"]

1.c4 e5 2.g3 Nc6 3.Bg2 Bc5 4.Nc3 d6 5.e3 a6 6.Nge2 Nge7 7.O-O Ba7 8.a3 Bf5
9.h3 Qd7 10.Kh2 Bd3 11.b3 O-O 12.Bb2 b5 13.cxb5 axb5 14.Na2 Rab8 15.Nac1 Bf5
16.b4 Be6 17.d4 exd4 18.Nxd4 Bc4 19.Nxc6 Nxc6 20.Re1 Qf5 21.Qd2 d5 22.g4 Qg5
23.Ne2 Rfe8 24.Nd4 Nxd4 25.Bxd4 Bxd4 26.Qxd4 Rbd8 27.Rad1 Rd6 28.Qc3 Rde6
29.Rd4 c6 30.Kg1 h6 31.Qd2 R6e7 32.Rd1 Ra7 33.Ra1 Rea8 34.e4 Qxd2 35.Rxd2 Rxa3
36.Rxa3 Rxa3 37.exd5 cxd5 38.Bxd5 Rb3 39.Bxc4 bxc4 40.Rd8+ Kh7 41.Rb8 Rxh3
42.Rc8 c3 43.Kg2 Rd3 44.b5 Rd5 45.b6 Rb5 46.Rxc3 Rxb6 47.Rc5 Rg6 48.Kh3 Rg5
49.Rc7 Kg6 50.Rc6+ f6 51.f3 Rd5 52.Kg3 Rd3 53.Rc7 Ra3 54.Rb7 Ra5 55.Rc7 h5
56.gxh5+ Rxh5 57.Ra7 Rb5 58.Kf4 Kh6 59.Ra6 Rb4+ 60.Kg3 Kg5 61.Ra5+ f5 62.Rc5 g6
63.Ra5 Kh5 64.Rc5 Rb8 65.Ra5 Rf8 66.Ra7 g5 67.Rh7+ Kg6 68.Ra7 Rb8 69.Kg2 Rb2+
70.Kg1 Kf6 71.Ra5 Ke6 72.Rc5 Rd2 73.Ra5 Rd5 74.Ra2 Ke5 75.Kf2 Rc5 76.Rb2 Ra5
77.Rd2 Ra4 78.Rb2 Kf4 79.Rc2 g4 80.fxg4 Kxg4 81.Rc3 f4 82.Rb3 Ra2+ 83.Kf1 Rh2
84.Kg1 Re2 85.Kf1 Rc2 86.Ra3 f3 87.Ra8  1/2-1/2

[Event "ch-SUI"]
[Site "Graechen SUI"]
[Date "2009.07.15"]
[Round "7"]
[White "Deubelbeiss,R"]
[Black "Contin,D"]
[Result "0-1"]
[WhiteElo "2020"]
[BlackElo "2279"]

1.c4 e5 2.g3 Nf6 3.Bg2 d5 4.cxd5 Nxd5 5.Nf3 Nc6 6.d3 Be7 7.O-O O-O 8.a3 Be6
9.Nbd2 f5 10.Nc4 e4 11.dxe4 fxe4 12.Nd4 Nxd4 13.Qxd4 Nf4 14.Qxe4 Bd5 15.Qc2 Bxg2
16.Rd1 Be4 17.Rxd8 Nh3+ 18.Kf1 Bxc2 19.Rxa8 Rxa8 20.f4 g5 21.Be3 gxf4 22.gxf4 Rf8  0-1

[Event "Corporation Centre Cup"]
[Site "Izhevsk RUS"]
[Date "2009.07.15"]
[Round "1"]
[White "Pershina,E"]
[Black "Shestakov,D"]
[Result "0-1"]
[WhiteElo "1958"]
[BlackElo "2279"]

1.c4 e5 2.g3 Nf6 3.Bg2 Nc6 4.Nc3 Bb4 5.Nf3 O-O 6.O-O e4 7.Ne1 Bxc3 8.dxc3 Re8
9.Nc2 Ne5 10.Qd4 d6 11.b3 Nc6 12.Qd1 Bd7 13.Bg5 h6 14.Bf4 Ne7 15.Qd2 Qc8
16.Rfd1 Bh3 17.Nb4 Bxg2 18.Kxg2 Ng6 19.Nd5 Nh5 20.Be3 Kh7 21.Nf4 Nhxf4+ 22.Bxf4 Qg4
23.Be3 Re5 24.h3 Qe6 25.Bf4 Rh5 26.Rh1 Re8 27.Rad1 Ra5 28.Be3 f5 29.a4 Qf7
30.Bf4 Rc5 31.h4 Nf8 32.Be3 Rce5 33.Bf4 R5e6 34.Qd5 Rb8 35.Rhe1 a6 36.b4 Ng6
37.Qd2 Rf6 38.Be3 Qxc4 39.Qd5 Qxd5 40.Rxd5 Rf7 41.Rb1 b5 42.axb5 axb5 43.Ra1 Ne7
44.Rd2 Rb7 45.f3 exf3+ 46.exf3 Kg6 47.Kf2 Kf6 48.Bd4+ Ke6 49.h5 Kd7 50.Rad1 Nc6
51.Bc5 Rb8 52.Ra2 Rff8 53.Bd4 Rf7 54.Bc5 Re7 55.Bd4 Rbe8 56.Bc5 Kc8 57.Ra8+ Kb7
58.Rxe8 Rxe8 59.Bd4 Re7 60.Rd2 Nxd4 61.Rxd4 Kc6 62.g4 fxg4 63.fxg4 Re5 64.Rf4 Rg5
65.Kf3 Kd5 66.Rd4+ Ke6 67.Kf4 c5 68.bxc5 Rxc5 69.Rb4 Rc4+ 70.Ke3 Rxb4 71.cxb4 Ke5  0-1

[Event "6th South Wales Int"]
[Site "Treforest WLS"]
[Date "2009.07.16"]
[Round "9"]
[White "Brown,Th"]
[Black "Byron,A"]
[Result "1/2-1/2"]
[WhiteElo "2033"]
[BlackElo "2173"]

1.c4 e5 2.g3 Nf6 3.Nc3 Nc6 4.Bg2 Bb4 5.a3 Bxc3 6.dxc3 d6 7.Nf3 O-O 8.O-O Re8
9.Qc2 a5 10.b3 h6 11.a4 Ne7 12.Nd2 Bf5 13.e4 Bg6 14.Rd1 Qd7 15.Nf1 Qe6 16.f3 Nd7
17.Ne3 Rad8 18.Qf2 f5 19.Bh3 Qf7 20.Nd5 Nxd5 21.exd5 b6 22.b4 Ra8 23.Be3 Qe7
24.Re1 Kh8 25.f4 e4 26.g4 Rf8 27.Qg3 fxg4 28.Bxg4 Bf5 29.Bd1 Nf6 30.Bd4 Kh7
31.Ra2 Rg8 32.h4 Qf7 33.Rg2 Rae8 34.Kf2 Re7 35.Ke3 Nh5 36.Qf2 Nf6 37.Reg1 h5
38.Rg5 Bg4 39.Bxg4 Nxg4+ 40.R1xg4 hxg4 41.Rxg4 c5 42.dxc6 Qxc4 43.Qe2 Qxc6
44.Rg5 Rc8 45.Rh5+ Kg8 46.Qa2+ Rf7 47.Rg5 Kf8 48.Qe6 Re7 49.Bxg7+ Ke8 50.Qg6+ Kd7
51.Qf5+ Kc7 52.bxa5 Qc4 53.axb6+ Kb8 54.Qb5 Qe6 55.f5 Qa2 56.Bd4 Qc2 57.f6 Rh7  1/2-1/2

[Event "32nd Aegean Open"]
[Site "Aghios Kirykos GRE"]
[Date "2009.07.17"]
[Round "7"]
[White "Grabinsky,V"]
[Black "Rychagov,A"]
[Result "0-1"]
[WhiteElo "2312"]
[BlackElo "2534"]

1.c4 e5 2.g3 Nc6 3.Bg2 Bc5 4.Nc3 d6 5.e3 a6 6.Nge2 Ba7 7.a3 Be6 8.b3 Qd7
9.Nd5 Nd8 10.e4 c6 11.Ne3 Bh3 12.O-O Nf6 13.f3 d5 14.exd5 cxd5 15.cxd5 Nxd5
16.d4 Nxe3 17.Bxe3 Nc6 18.Bxh3 Qxh3 19.Bf2 exd4 20.Nxd4 O-O-O 21.Rc1 Bxd4
22.Bxd4 Rd6 23.Qe2 Re6 24.Qg2 Qxg2+ 25.Kxg2 f6 26.Bb6 Rhe8 27.Rc2 Rd6 28.Rc3 Kd7
29.Rf2 Re1 30.Re3 Rxe3 31.Bxe3 Rd3 32.Rd2 Rxd2+ 33.Bxd2 Nd4 34.b4 Kc6 35.g4 Kb5
36.h4 Ka4 37.Bc1 Ne2 38.Bd2 Kxa3 39.Kf2 Nd4 40.Ke3 Nc2+ 41.Ke4 Nxb4 42.Kf5 a5
43.h5 Kb3 44.h6 gxh6 45.Kxf6 a4 46.Ke6 a3 47.Bxh6 Nd3  0-1

[Event "LTC Open A"]
[Site "Leiden NED"]
[Date "2009.07.17"]
[Round "7"]
[White "Erwich,Frank"]
[Black "Van der Wiel,J"]
[Result "1/2-1/2"]
[WhiteElo "2319"]
[BlackElo "2477"]

1.c4 e5 2.g3 Nf6 3.Bg2 c6 4.d4 exd4 5.Qxd4 d5 6.Nc3 dxc4 7.Qxc4 Be6 8.Qa4 Bc5
9.Nf3 h6 10.O-O O-O 11.e4 Nbd7 12.e5 Nd5 13.Ne4 Bf5  1/2-1/2

[Event "Najdorf Mem Open"]
[Site "Warsaw POL"]
[Date "2009.07.18"]
[Round "1"]
[White "Janczarski,M"]
[Black "Andriasian,Z"]
[Result "0-1"]
[WhiteElo "2202"]
[BlackElo "2585"]

1.c4 e5 2.g3 h5 3.h4 Nc6 4.Bg2 Nf6 5.d3 d6 6.Nc3 g6 7.Bg5 Bg7 8.e4 Nd4 9.Nd5 c6
10.Ne3 Qb6 11.Bxf6 Bxf6 12.Qd2 Qa6 13.Qc3 Be6 14.Nf3 b5 15.b3 O-O 16.Nc2 bxc4
17.dxc4 d5 18.Nd2 dxc4 19.Nxc4 Rfd8 20.Nxd4 Rxd4 21.Ne3 Rad8 22.Bf1 Qb6 23.Be2 Be7
24.O-O Bb4 25.Qc1 Bd2  0-1

[Event "Corporation Centre Cup"]
[Site "Izhevsk RUS"]
[Date "2009.07.20"]
[Round "6"]
[White "Terentjev,V"]
[Black "Fedorov,D"]
[Result "1-0"]
[WhiteElo "2217"]
[BlackElo "2015"]

1.c4 e5 2.g3 Nc6 3.Bg2 g6 4.Nc3 Bg7 5.e3 Nge7 6.Nge2 O-O 7.O-O d6 8.Rb1 Be6
9.Nd5 f5 10.d3 Qd7 11.b4 Nd8 12.Nec3 g5 13.f4 gxf4 14.exf4 Ng6 15.Qe1 c6
16.Ne3 Nf7 17.b5 Rae8 18.Ne2 d5 19.Ba3 Ne7 20.bxc6 bxc6 21.cxd5 cxd5 22.fxe5 Nxe5
23.Nf4 d4 24.Rb7 dxe3 25.Rxd7 Bxd7 26.Qxe3 N5c6 27.Qc1 Rc8 28.Nd5 Rfe8 29.Qg5 Nxd5
30.Bxd5+ Kh8 31.Qh5 Re5 32.Bxc6 Bxc6 33.Bb2 Be8 34.Qg5 h6 35.Qh4 Re6 36.Bxg7+ Kxg7
37.Qd4+ Kg6 38.g4  1-0

[Event "17th Open"]
[Site "Saint Affrique FRA"]
[Date "2009.07.20"]
[Round "3"]
[White "Manouck,T"]
[Black "Chaplin,E"]
[Result "1-0"]
[WhiteElo "2337"]
[BlackElo "2141"]

1.c4 e5 2.g3 Nc6 3.Bg2 Bc5 4.Nc3 d6 5.d3 f5 6.e3 f4 7.d4 exd4 8.Bxc6+ bxc6
9.exd4 fxg3 10.hxg3 Bb4 11.Ne2 Bg4 12.Qd3 Qf6 13.Qe4+ Qe6 14.Qxc6+ Kf7 15.f3 Re8
16.O-O Bh3 17.Nf4  1-0

[Event "32nd Taminco Open"]
[Site "Ghent BEL"]
[Date "2009.07.21"]
[Round "7"]
[White "Mazajchik,T"]
[Black "Windels,J"]
[Result "0-1"]
[WhiteElo "2230"]
[BlackElo "1983"]

1.c4 e5 2.g3 d6 3.Bg2 f5 4.d4 Nc6 5.dxe5 dxe5 6.Bxc6+ bxc6 7.Qxd8+ Kxd8 8.Bg5+ Nf6
9.Nc3 Be6 10.Nf3 h6 11.O-O-O+ Ke8 12.Bxf6 gxf6 13.b3 Bc5 14.e3 Kf7 15.Ne1 h5
16.h4 a5 17.Nd3 Bd6 18.Na4 Rag8 19.Kc2 Bc8 20.Kc3 Rg4 21.Rb1 Rhg8 22.Nab2 f4
23.c5 Be7 24.exf4 e4 25.Ne1 Bxc5 26.Rh2 Rd8 27.Nc4 Bd4+ 28.Kc2 e3 29.fxe3 Bf5+
30.Kc1 Bxb1 31.exd4 Be4 32.Nxa5 Rxg3 33.Nc2 Rc3 34.Kb2 Rxc2+ 35.Rxc2 Bxc2
36.Kxc2 Rxd4  0-1

[Event "Corporation Centre Cup"]
[Site "Izhevsk RUS"]
[Date "2009.07.22"]
[Round "8"]
[White "Abashev,A"]
[Black "Sazonov,Ar"]
[Result "1-0"]
[WhiteElo "2256"]
[BlackElo "2163"]

1.c4 e5 2.g3 Bc5 3.Bg2 Nf6 4.Nc3 Nc6 5.d3 a6 6.a3 d6 7.Nf3 O-O 8.O-O h6 9.e3 Bg4
10.h3 Bh5 11.b4 Ba7 12.Bb2 Re8 13.Qd2 Qd7 14.Ne1 Rab8 15.Rc1 Ne7 16.Nd5 Nfxd5
17.cxd5 f5 18.e4 Rf8 19.exf5 Bf7 20.f6 Nf5 21.fxg7 Kxg7 22.d4 Nxd4 23.Rc4 Bg6
24.Kh2 Rf7 25.f4 Rbf8 26.Nf3 Nxf3+ 27.Bxf3 Kh7 28.Bg4 Qb5 29.Rfc1 exf4 30.Rxf4 Rxf4
31.gxf4 Qb6 32.Re1 h5 33.Re7+ Bf7 34.Bf5+ Kh6 35.Qg2 Qf2  1-0

[Event "Najdorf Mem Open"]
[Site "Warsaw POL"]
[Date "2009.07.24"]
[Round "7"]
[White "Kosiorek,M"]
[Black "Sliwerski,R"]
[Result "1-0"]
[WhiteElo "2362"]
[BlackElo "2105"]

1.c4 e5 2.g3 Nf6 3.Bg2 d5 4.cxd5 Nxd5 5.Nc3 Nb6 6.Nf3 Nc6 7.O-O Be7 8.d3 O-O
9.Be3 Be6 10.Na4 Nd5 11.Bc5 f6 12.Rc1 b6 13.Bxe7 Ncxe7 14.a3 c5 15.Nd2 Qd7
16.b4 cxb4 17.axb4 Rac8 18.Rb1 Bh3 19.Qb3 Kh8 20.b5 Bxg2 21.Kxg2 Qg4 22.e3 Qe2
23.Nc4 Nf5 24.Kg1 Qg4 25.Qd1 Qh3 26.Qf3 Rfd8 27.Rfc1 Nd6 28.Nxd6 Rxd6 29.g4  1-0

[Event "Czech Open A"]
[Site "Pardubice CZE"]
[Date "2009.07.25"]
[Round "2"]
[White "Wiebe,P"]
[Black "Popilski,G"]
[Result "0-1"]
[WhiteElo "2230"]
[BlackElo "2392"]

1.c4 e5 2.g3 Nc6 3.Bg2 Nf6 4.Nc3 Bc5 5.a3 O-O 6.e3 a6 7.Nge2 Re8 8.d3 d6
9.O-O Ba7 10.h3 Bd7 11.g4 h6 12.Ng3 Rb8 13.Nd5 Nxd5 14.cxd5 Ne7 15.e4 c6
16.Be3 Ra8 17.Qd2 Ng6 18.Nh5 Bxe3 19.fxe3 c5 20.Rf2 Rc8 21.Raf1 Rf8 22.Ng3 Bb5
23.b3 a5 24.Rb1 b6 25.Nf5 a4 26.b4 c4 27.dxc4 Bxc4 28.Rc1 b5 29.Bf1 Qd7 30.Bxc4 Rxc4
31.Rxc4 bxc4 32.Qc1 Rc8 33.Rc2 Qc7 34.Rc3 Nf8 35.Qc2 g6 36.Ng3 Nd7 37.Nf1 Nb6
38.Qf2 Qe7 39.Nd2 Kg7 40.Qg3 Kh7 41.Qf3 Kg8 42.Kf1 Qh4 43.Ke2 Kg7 44.Qg2 Rc7
45.Nb1 Qg5 46.Qf3 Qd8 47.Kd2 Qc8 48.Kc1 Qd8 49.Kd2 Qc8 50.Kc1 Qd8 51.Kb2 Qh4
52.Qf1 h5 53.Qg2 hxg4 54.hxg4 Rc8 55.Nd2 Qe1 56.Nf3 Qd1 57.Nd2 Rh8 58.Nb1 Rh1
59.Qc2 Qxg4 60.Qf2 Qxe4 61.Nd2 Qxd5 62.e4 Qd4  0-1

[Event "Czech Open A"]
[Site "Pardubice CZE"]
[Date "2009.07.25"]
[Round "2"]
[White "Polyakova,N"]
[Black "Berezjuk,S"]
[Result "0-1"]
[WhiteElo "2073"]
[BlackElo "2406"]

1.c4 e5 2.g3 Nf6 3.Bg2 d5 4.cxd5 Nxd5 5.Nc3 Nb6 6.Nf3 Nc6 7.d3 Be7 8.O-O O-O
9.a3 Be6 10.b4 f6 11.Bb2 Qd7 12.Rc1 a5 13.b5 Nd4 14.Nxd4 exd4 15.Ne4 Qxb5
16.Rxc7 Bd8 17.Rc2 Bb3 18.Rc5 Bxd1 19.Rxb5 Bxe2 20.Bxd4 Bxd3 21.Rxb6 Bxb6
22.Bxb6 Bxf1 23.Bxf1 Rfc8 24.Bb5 a4 25.g4 h6 26.Kg2 Rc1 27.h4 Kh8 28.h5 Rb1
29.Nd6 Rb3 30.Bc5 Rxb5 31.Nxb5 Ra5 32.f3 Rxb5 33.Bd6 Rb2+ 34.Kg3 b5  0-1